000 01663nam a2200493 i 4500
001 14453
003 KOSZ 005
005 20200401120624.0
008 190622s1971 pl a f 000 0 pol
015 _aPB 1971/5009
035 _a991036567099705066
035 _a(PL-WaBN)b19819572-48omnis_nlop
035 _ab19819572
035 _a(OCoLC)749407030
035 _a(PL)b0000001981957
035 _a(EXLNZ-48OMNIS_NETWORK)9910289693505606
040 _aWA N
_cWA N
_dKOSZ 005/RW
046 _k1967
080 _a621:658
100 1 _aStolarek, Władysław.
_eAutor
245 1 0 _aPodstawy organizacji produkcji /
_cWładysław Stolarek.
250 _aWydanie 2 uzupełnione.
260 _aWarszawa :
_bWydawnictwa Naukowo-Techniczne,
_c1971.
300 _a315, [1] stron :
_bilustracje ;
_c22 cm.
336 _aTekst
_btxt
_2rdacontent
337 _aBez urządzenia pośredniczącego
_bn
_2rdamedia
338 _aWolumin
_bnc
_2rdacarrier
380 _aKsiążki
388 _a1901-2000
490 1 _aBiblioteka Organizatora Produkcji
504 _aBibliografia na stronach 315-[316].
658 _aGospodarka, ekonomia, finanse
658 _aZarządzanie i marketing
650 7 _aPrzedsiębiorstwo
_2DBN
650 7 _aOrganizacja
650 7 _aProdukcja
_2DBN
650 7 _aPrzemysł
655 7 _aPodręcznik
_2DBN
710 2 _aWydawnictwa Naukowo-Techniczne
_4pbl
856 _uhttp://koha.tu.koszalin.pl/cgi-bin/koha/opac-detail.pl?biblionumber=14453
_yKatalog online BPK
830 0 _aBiblioteka Organizatora Produkcji
942 _2UKD
_cKS
999 _c14453
_d14453